000 01077nam a2200301 c 4500
999 _c187273
_d187273
003 BLK
005 20220512084542.0
008 180411b bul|||||r ||||||| ||bul||
010 _aKNG00196281000
040 _aBLK
041 _aBUL
_cBUL
080 _aБългарски език
_b811.163.2
_z811.163.2
100 1 _aПървев, Христо Иванов
_eпърви автор
_9369318
139 _aПървев, Христо Иванов
_bП 97
245 1 0 _aВъзраждането на българския книжовен език
_bИзследване
_cХристо Иванов Първев.
257 _aBGR
260 _bНар. просв.
_c1983
_aСофия
300 _a104 с.
_c20 см
380 _a80
490 _aБиблиотека Родна реч омайна
_v№ 21
_9204657
500 _aАвт. не е отбелязан на кор 3 105 тир
650 4 _aБългарски език - история
_9244177
852 _aЦб 118124
_bЦб
856 4 _qpdf
856 4 _qpdf
942 _cKNG
_n0
_s1
944 _aCR
_c16.11.2016
_kПравда_Бадева
944 _aED
_c16.11.2016
_kПравда_Бадева
944 _aED
_c2022-05-12
_kВП
999 _d187273